000 00444nam a2200157 4500
001 137357
003 ES-MaACL
005 20230906195345.0
007 t|
008 070214s1977 sp r ||||1| spa d
100 1 _aSánchez, María Helena.
_9102407
245 1 4 _aLos gitanos españoles /
_cMaría Helena Sánchez.
260 _aMadrid :
_bCastellote,
_c1977.
300 _a550 p. ;
_c21 cm +
_e5 map.
852 _aES-MaACL
_jA-8034
_bR.96887
999 _c137357
_d137357